Statistics for Top 50 Hardest Universities in the US To Get Into

Click here to take the quiz!

General Stats

  • This quiz has been taken 76 times
  • The average score is 19 of 50

Answer Stats

HintAnswer% Correct
#1Harvard
98%
#5Yale
88%
#11Pennsylvania
74%
#3Princeton
74%
#8Columbia
72%
#2Stanford
72%
#32UCLA
72%
#10Brown
68%
#13Dartmouth
66%
#20Cornell
62%
#6Massachusetts Tech
60%
#4Cal Tech
57%
#9Duke
57%
#38USC
55%
#12Northwestern
54%
#28Washington of St.Louis
54%
#15Rice
49%
#7Chicago
48%
#37Georgetown
45%
#19Vanderbilt
45%
#41UC Berkeley
43%
#18Johns Hopkins
42%
#47Northeastern
42%
#39Notre Dame
42%
#49Georgia Tech
40%
#31Tufts
35%
#45Emmory
34%
#33Carnegie Mellon
31%
#25Tulane
31%
#30Colorado
23%
#14Pomona
22%
#27Williams
22%
#34Air Force
18%
#21Amherst
18%
#29Barnard
18%
#23Navy
18%
#16Swarthmore
17%
#17Bowdoin
15%
#26Claremont McKenna
12%
#36Harvey Mudd
11%
#48Wellesley
11%
#22Colby
9%
#40Haverford
9%
#35Bates
8%
#50Carleton
6%
#42Cooper Union
6%
#46Grinnell
6%
#44Hamilton
6%
#43Pitzer
6%
#24USMA West Point
3%

Score Distribution

Percentile by Number Answered

Percent of People with Each Score

Your Score History

You have not taken this quiz